Các phần mềm ứng dụng trong ngành cơ khí

Sách là tài liệu tham khảo cho sinh viên cũng như kỹ sư ngành cơ khí nhằm tăng khả năng thiết kế linh hoạt, giảm chi phí và thời gian thiết kế để tạo ra sản phẩm có chất lượng cao.

Spremljeno u:
Bibliografski detalji
Glavni autor: An Hiệp
Format: Knjiga
Jezik:Undetermined
Izdano: Hà Nội Giao thông vận tải 2001
Teme:
Oznake: Dodaj oznaku
Bez oznaka, Budi prvi tko označuje ovaj zapis!
Thư viện lưu trữ: Trung tâm Học liệu Trường Đại học Cần Thơ
LEADER 00951nam a2200205Ia 4500
001 CTU_120239
008 210402s9999 xx 000 0 und d
020 |c 70000 
082 |a 621.80285 
082 |b A105 
100 |a An Hiệp 
245 0 |a Các phần mềm ứng dụng trong ngành cơ khí 
245 3 |c An Hiệp, Trần Vĩnh Hưng 
260 |a Hà Nội 
260 |b Giao thông vận tải 
260 |c 2001 
520 |a Sách là tài liệu tham khảo cho sinh viên cũng như kỹ sư ngành cơ khí nhằm tăng khả năng thiết kế linh hoạt, giảm chi phí và thời gian thiết kế để tạo ra sản phẩm có chất lượng cao. 
650 |a Dynamics.,Engineering design,System analysis 
904 |i Hiếu (đổi mã hoá tác giả 620.0042/H556 thành 621.80285/A105) 
980 |a Trung tâm Học liệu Trường Đại học Cần Thơ